| 000 | 00948nam a2200265Ia 4500 | ||
|---|---|---|---|
| 003 | OSt | ||
| 005 | 20221005112131.0 | ||
| 006 | a|||||r|||| 00| 0 | ||
| 007 | ta | ||
| 008 | 221004b |||||||| |||| 00| 0 pan d | ||
| 020 |
_a9363116536 (hbk) _cINR 250.00 |
||
| 024 | _a39080 | ||
| 037 |
_b235, 07/03/2018, National Book Shop _cTextual |
||
| 040 |
_aCRL _cCRL _bpan |
||
| 041 |
_2pan _apan |
||
| 082 | _aO153,1NMAx, Q7 | ||
| 100 | _aਮੌਜੀ, ਹਰਬੰਸ ਸਿੰਘ, ਂਚ. | ||
| 245 | 0 | _aਅਨੋਖੇ Fਹੀਦ | |
| 260 |
_aਅੰਮ੍ਰਿਤਸਰ _bਆਗ਼ਾਦ ਬੁੱਕ ਡੀਪੂ ਭਾਰਤ _c2017 |
||
| 300 |
_a190ਪ0 _ccm. |
||
| 650 | _a ਪੰਜਾਬੀ ਕਾਵਿ | ||
| 650 | _aਪੰਜਾਬੀ ਸਾਹਿਤ | ||
| 942 |
_hO153,1NMAx, Q7 _cTEXL _2cc |
||
| 999 |
_c1023915 _d1023915 |
||